| 000 | 005690000a22001930004500 | ||
|---|---|---|---|
| 003 | LK-CoMWRAF | ||
| 005 | 20240118111140.0 | ||
| 008 | 230817t1997 ||||| |||| 00| 0 eng d | ||
| 040 |
_aLK-CoMWRAF _dLK-CoMWRAF _eLK-CoMWRAF |
||
| 041 | _aeng | ||
| 082 |
_a305.3 _bCHO |
||
| 100 | _aChowdhury, Munmun Salma | ||
| 245 |
_aTowards equality: _ban impact study on gender |
||
| 260 |
_aDhaka: _bUSHA -Unity for Social and Human Action, _c1997 |
||
| 300 |
_a64 p. _bBibliography included |
||
| 650 | _aGENDER EQUALITY | ||
| 700 |
_aArzoo, Sohrab Ali Khan _eed. |
||
| 942 | _cBK | ||
| 999 |
_c2046 _d2046 |
||